North Africa, 1800-1900 : a survey from the Nile Valley to the Atlantic /

Saved in:

Main Author: Morsy, Magali (Author)

Format: Book

Language: English

Published: London ; New York : Longman, 1984.

Subjects:

Tags: Add Tag

No Tags, Be the first to tag this record!

Call Number: DT176 .M67 1984

LEADER 00794nam a22002537a 4500
003 OSt
005 20260420163008.0
008 260420t1984 enka b 001 0 eng d
010 |a 82023959 
020 |a 0582783763 
020 |a 0582783771 
040 |c ARCE Library 
043 |a ff----- 
050 1 4 |a DT176  |b .M67 1984 
100 1 |a Morsy, Magali,   |e author  |9 36255 
245 1 0 |a North Africa, 1800-1900 :   |b a survey from the Nile Valley to the Atlantic /   |c Magali Morsy. 
264 1 |a London ;   |a New York :   |b Longman,   |c 1984. 
300 |a 356 pages :   |b illustrations ;   |c 24 cm. 
504 |a Includes bibliographical references and index. 
651 0 |a Africa, North  |x History  |y 1517-1882. 
651 0 |a Africa, North  |x History  |y 1882- 
901 |a reviewed 
942 |c BK  |2 lcc 
999 |c 23108  |d 23108